[Event "Bicaz City Cup 2020"]
[Site "Bicaz"]
[Date "2020.03.07"]
[Round "4.17"]
[White "Pislariu, Stefanel-Vasilica"]
[Black "Matei, Stefan-Razvan"]
[Result "1-0"]
[WhiteElo "1954"]
[BlackElo "1685"]
[Annotator "TA"]
[PlyCount "92"]
[EventDate "2020.03.05"]
[EventType "swiss"]
[EventCountry "ROU"]
[SourceTitle "playchess.com"]
[Source "ChessBase"]
[SourceQuality "1"]

{[%evp 14,92,36,0,53,54,50,45,62,41,64,29,48,-2,21,-82,-85,-144,-139,-145,-150,-143,-131,-164,-133,-158,-6,-189,-81,-93,-107,-120,-120,-118,-130,-140,-88,-127,-122,-167,-177,-171,-96,-107,0,-26,-33,-37,-37,-160,-74,-98,-82,-89,-91,-164,-42,-29978,-29979,-29976,-352,-29976,-29976,-29998,-691,-622,-207,-369,-371,-356,-364,-616,-603,-212,127,137,594,590,1548,967,1179]} 1. d4 Nf6 2. c4 e6 3. Nc3 Bb4 4. e3 b6 5. Nge2 Bb7 6. a3 Be7 7. d5 O-O 8. g3 d6 {E44: Nimzo-Indian: Rubinstein: 4...b6 5 Ne2.} (8... b5 $1 $11) 9. Bg2 $14 e5 10. O-O Nbd7 {[%cal Bb8d7,Bd7c5,Bc5b3][%mdl 32] White is slightly better.} 11. e4 a5 {[%cal Ba7a5,Ba5a4][%mdl 32] [#]} 12. f4 $146 ({Predecessor:} 12. Rb1 Ba6 13. b3 h6 14. h3 Nh7 15. Be3 Re8 16. Qc2 Kh8 17. Nb5 Bf6 18. b4 axb4 19. axb4 {1-0 (47) Moreno Ruiz,J (2455)-Longa Yauca,J (2353) Madrid 2004}) 12... Nc5 13. h3 Ba6 14. b3 {[#]} (14. b4 $11 {keeps the balance.} Ncd7 15. b5) 14... a4 $1 $17 {[%cal Ra4b3][%mdl 512]} 15. b4 (15. Nxa4 $142 Nxa4 16. bxa4) (15. bxa4 Bxc4) 15... Nb3 16. b5 Nxa1 17. Nxa4 Bc8 18. Bb2 Nd7 {Threatens to win with ...exf4.} 19. Bxa1 f6 $2 ({Black should try} 19... exf4 $17 20. gxf4 Bf6) 20. Nc1 $2 (20. f5 $11 {and White stays safe.}) 20... exf4 (20... f5 $1 $19 {White must now prevent ...exf4.} 21. exf5 exf4) 21. gxf4 g5 22. Nd3 gxf4 {[%mdl 64] Overworked Piece} 23. Nxf4 {aiming for Ne6.} Ne5 24. Qb3 Rf7 (24... Kh8 $142 25. Nc3 Rg8) 25. Bd4 Kh8 26. Kh2 Qg8 27. Nc3 Rg7 (27... Qg5 $19 28. Nce2 Bd7) 28. Nce2 {[#]} h5 $1 {[%mdl 512]} 29. Bf2 (29. Nxh5 Rxg2+) 29... Qh7 $36 {[%mdl 2048] Black has some pressure.} 30. Nd4 Bd7 31. Bf3 (31. Be1 $15) 31... Rag8 (31... f5 $142 $1 {[%cal Rf5e4]} 32. Nfe6 Bxe6 33. Nxe6 fxe4) 32. Nde6 Bxe6 ({But not} 32... Nxf3+ $6 33. Qxf3 Bxe6 34. Nxe6 $14) 33. Nxe6 Rg6 ({Much worse is} 33... Nxf3+ $6 34. Qxf3 Rg2+ 35. Kh1 $14) 34. a4 {[#]} (34. Qe3 $17) 34... Qh6 (34... Ng4+ $1 $19 {[%mdl 512]} 35. Bxg4 (35. hxg4 hxg4+) 35... hxg4) 35. Be3 $2 {[%mdl 8192]} (35. Kh1 $15) 35... Nxf3+ 36. Rxf3 Rg2+ 37. Kh1 Qg6 38. Qb1 {[#]} Rg3 (38... Rh2+ $142 $1 {[%mdl 512]} 39. Kxh2 Qg2#) 39. Nf4 $19 Qg5 $2 (39... Rxf3 40. Nxg6+ Rxg6) 40. Rxg3 $2 (40. Qd1 Qe5 41. Kh2 Rg2+ 42. Kh1) 40... Qxg3 41. Qd1 Rg5 42. Qe2 $2 (42. Bd2 Qf2 43. Qe1 Qf3+ 44. Kh2) 42... Bf8 43. Qf2 Qxf2 $2 ({Black should play} 43... Kg8 $19 44. Qxg3 Rxg3) 44. Bxf2 $16 {And now Ne6 would win.} Re5 $2 {[%mdl 8192]} (44... Rg7 $16 {is tougher.}) 45. Ng6+ $18 Kg7 46. Nxe5 fxe5 {Accuracy: White = 48%, Black = 46%.} 1-0

[Event "Bicaz City Cup 2020"]
[Site "Bicaz"]
[Date "2020.03.07"]
[Round "4.18"]
[White "Sandulescu, Gheorghe"]
[Black "Prisacaru, Stefan-Emilian"]
[Result "0-1"]
[WhiteElo "1632"]
[BlackElo "1953"]
[Annotator "TA"]
[PlyCount "84"]
[EventDate "2020.03.05"]
[EventType "swiss"]
[EventCountry "ROU"]
[SourceTitle "playchess.com"]
[Source "ChessBase"]
[SourceQuality "1"]

{[%evp 20,84,24,39,68,58,60,60,67,49,55,45,42,-27,39,-42,33,13,26,-118,-116,-112,-103,-193,-193,-188,-195,-188,-181,-191,-169,-169,-174,-168,-164,-253,-206,-295,-313,-392,-400,-506,-517,-664,-664,-664,-664,-664,-664,-901,-871,-812,-659,-775,-675,-664,-591,-1060,-1047,-917,-664,-663,-662,-654,-649,-629,-613]} 1. d4 Nf6 2. c4 e6 3. Nf3 c5 4. d5 exd5 5. cxd5 d6 6. Nc3 g6 7. Bf4 Bg7 8. Qa4+ Bd7 9. Qb3 Qc7 10. e4 O-O 11. Be2 Nh5 {A70: Modern Benoni: 6 e4 g6 7 Nf3.} 12. Bg5 h6 13. Be3 a6 {White is slightly better.} 14. a4 (14. Nd2 {seems wilder.} b5 15. a4 b4 16. Nd1 Nf6 17. f3) 14... Bg4 $1 {[#]} 15. h3 $146 ({Predecessor:} 15. e5 dxe5 16. Qc4 Nf4 17. Bf1 Bxf3 18. gxf3 Nd7 19. Rd1 Rfe8 20. b4 b6 21. Ne4 {0-1 (56) Henrichs,W (2074)-Voicu Jagodzinsky,C (2292) Germany 2012}) 15... Bxf3 16. gxf3 (16. Bxf3 $14 Nd7 17. O-O) 16... Nd7 ({Better is} 16... Qe7 $1 $11) 17. a5 (17. f4 $1 $14) 17... Nhf6 (17... Qd8 $15) 18. f4 Rfe8 19. Ra4 (19. Qc2 $11) 19... b5 $17 {Black continues to play with concentration.} 20. axb6 Nxb6 21. Ra2 (21. Rxa6 $17 Rxa6 22. Bxa6) 21... Nxe4 $19 22. Nxe4 Rxe4 23. O-O Rb4 $36 {[%mdl 2048] Black is on the roll.} 24. Qd3 a5 25. b3 Qb7 26. Bd2 Rd4 27. Qb5 (27. Qf3 $142) 27... Rb8 28. Bc3 (28. Be3 $142) 28... Rxf4 29. Bxg7 Kxg7 30. Qxa5 Nxd5 {Black is clearly winning.} 31. Bc4 Nb4 {...Qf3 is the strong threat.} 32. Re2 d5 33. Qxc5 dxc4 34. Qe5+ Rf6 35. bxc4 Nc6 36. Qa1 Ra8 37. Qc3 Qb4 38. Qd3 Rd8 39. Qb1 Qxb1 40. Rxb1 Nd4 41. Re3 Rc6 42. Rc1 Rd7 {Accuracy: White = 37%, Black = 80%.} 0-1

[Event "Bicaz City Cup 2020"]
[Site "Bicaz"]
[Date "2020.03.07"]
[Round "4.19"]
[White "Bejan, Sergiu"]
[Black "Groapa, Aurelian"]
[Result "1-0"]
[WhiteElo "1915"]
[BlackElo "1656"]
[Annotator "TA"]
[PlyCount "55"]
[EventDate "2020.03.05"]
[EventType "swiss"]
[EventCountry "ROU"]
[SourceTitle "playchess.com"]
[Source "ChessBase"]
[SourceQuality "1"]

{[%evp 21,54,-60,-30,-30,-28,-25,181,191,183,175,330,326,331,307,343,365,375,374,381,370,745,747,715,672,694,683,651,610,581,569,879,868,835,802,29999]} 1. e4 e5 2. Nf3 Nc6 3. Bc4 Bc5 4. c3 Nf6 5. d4 exd4 6. cxd4 Bb4+ 7. Nc3 Nxe4 8. O-O Bxc3 9. bxc3 d5 10. Bd3 O-O 11. Qc2 Bf5 12. Rb1 {C54: Giuoco Piano: 4 c3 Nf6, main lines with 5 d4 and 5 d3.} Rb8 13. c4 {[#] cxd5 is the strong threat.} Bg6 $146 {[#]} (13... Qf6 $11) ({Predecessor:} 13... Ne7 14. Nh4 Bg6 15. Nxg6 hxg6 16. Bxe4 dxe4 17. Qxe4 c6 18. Bf4 Rc8 19. Rxb7 Nf5 {½-½ (48) Dan,S (1945)-Vasile,C (1980) Voineasa 2010}) 14. cxd5 $1 $18 {White is clearly better.} Qxd5 15. Rb5 Qd6 $2 (15... Nxd4 {might work better.} 16. Rxd5 Nxc2) 16. Bxe4 a6 17. Rb3 {Black must now prevent Ba3.} Bxe4 18. Qxe4 Rfe8 19. Qg4 Re6 20. Bf4 Qe7 $2 {[#]} (20... Qd5 21. Bxc7 Rbe8) 21. d5 Rg6 22. Bg5 Ne5 23. Bxe7 Nxg4 24. h3 Nf6 25. Ne5 Rh6 26. Bxf6 gxf6 27. Rg3+ Kh8 28. Nxf7# {White took control after the opening. Accuracy: White = 100%, Black = 28%.} 1-0

[Event "Bicaz City Cup 2020"]
[Site "Bicaz"]
[Date "2020.03.07"]
[Round "4.20"]
[White "Panc, Samuel"]
[Black "Cociorva, Neculai"]
[Result "1-0"]
[WhiteElo "1910"]
[BlackElo "1656"]
[Annotator "TA"]
[PlyCount "49"]
[EventDate "2020.03.05"]
[EventType "swiss"]
[EventCountry "ROU"]
[SourceTitle "playchess.com"]
[Source "ChessBase"]
[SourceQuality "1"]

{[%evp 9,49,-4,66,63,62,45,80,100,120,78,78,66,77,59,168,150,318,307,352,347,387,236,269,206,201,201,512,516,663,451,817,804,872,866,1077,1045,2040,2082,2068,1996,5895,2202]} 1. e4 e5 2. Nf3 Nc6 3. Bb5 Nd4 4. Nxd4 exd4 5. c3 dxc3 (5... c6 $11 6. Bc4 Nf6) 6. Nxc3 $14 {C61: Ruy Lopez: Bird's Defence.} c6 7. Bc4 b5 8. Bb3 {White is better.} a5 {[#]} 9. a3 $146 ({Predecessor:} 9. a4 b4 10. Ne2 Ba6 11. d3 Bc5 12. Be3 Bxe3 13. fxe3 Qg5 14. Nf4 Nf6 15. Bc4 {0-1 (26) Zemla,K (1488)-Grzywacz,R (1641) Dzwirzyno 2019}) 9... b4 10. axb4 Bxb4 11. O-O $40 {[%mdl 128] White mounts an attack.} h5 ({Better is} 11... Ne7 $14) 12. d4 $18 g5 $2 {This move loses the game for Black.} (12... Ne7 $16 {was called for.} 13. Qf3 O-O) 13. e5 g4 14. Ne4 d5 15. Bg5 Qc7 16. Nc3 h4 17. Rc1 {Nxd5! is the strong threat.} Rh5 $2 {[#]} (17... Qb7 18. Ba4 Bd7) 18. Nxd5 $1 {[%mdl 576] Pin. White is clearly winning.} Qb7 (18... cxd5 19. Rxc7) 19. Ba4 Bd7 {[#]} (19... Ra6 $142 20. Nf6+ Nxf6 21. Bxf6 Kf8) 20. e6 $1 {[%mdl 512]} Rxg5 (20... Bxe6 21. Bxc6+) 21. exd7+ Kxd7 22. Nxb4 axb4 23. Bxc6+ Qxc6 24. Rxc6 Kxc6 25. Qc1+ {[%mdl 64] Double Attack. Accuracy: White = 78%, Black = 27%.} 1-0

[Event "Bicaz City Cup 2020"]
[Site "Bicaz"]
[Date "2020.03.07"]
[Round "5.1"]
[White "Istratescu, Andrei"]
[Black "Soltanici, Ruslan"]
[Result "1/2-1/2"]
[WhiteElo "2550"]
[BlackElo "2403"]
[Annotator "TA"]
[PlyCount "43"]
[EventDate "2020.03.05"]
[EventType "swiss"]
[EventCountry "ROU"]
[SourceTitle "playchess.com"]
[Source "ChessBase"]
[SourceQuality "1"]

{[%evp 15,20,44,35,21,27,23,48]} 1. d4 Nf6 2. Nf3 d5 3. c4 dxc4 4. e3 e6 5. Bxc4 c5 6. O-O a6 7. dxc5 Bxc5 8. Qxd8+ Kxd8 9. Ne5 {D27: Queen's Gambit Accepted: Classical main line: 7 e4!? and 7 a4.} Ke7 10. Be2 Nbd7 {[#] 10...Bd7 is vanishing.} {Predecessor:} 11. Nd3 $146 Bd6 12. Nd2 b5 13. Bf3 Rb8 14. a4 Bb7 15. axb5 axb5 16. Ra7 Ba8 17. b3 e5 18. Bb2 Ke6 19. Ra6 Ke7 20. Ra7 Ke6 21. Ra6 Ke7 22. Ra7 {½-½ (22) Georgiev,K (2581)-Inarkiev,E (2693) Mali Losinj 2019} 1/2-1/2

[Event "Bicaz City Cup 2020"]
[Site "Bicaz"]
[Date "2020.03.07"]
[Round "5.2"]
[White "Svetushkin, Dmitry"]
[Black "Baltag, Iulian"]
[Result "1-0"]
[WhiteElo "2504"]
[BlackElo "2391"]
[Annotator "TA"]
[PlyCount "121"]
[EventDate "2020.03.05"]
[EventType "swiss"]
[EventCountry "ROU"]
[SourceTitle "playchess.com"]
[Source "ChessBase"]
[SourceQuality "1"]

{[%evp 9,121,18,9,6,2,2,14,12,18,17,12,7,14,20,24,0,0,0,11,0,13,10,35,23,29,31,36,0,0,12,0,-10,-15,-15,0,-10,18,0,64,50,81,63,68,60,281,254,266,251,264,279,269,270,240,257,558,562,569,569,554,541,562,582,534,518,506,508,485,472,478,446,443,451,797,797,795,794,787,787,779,778,770,770,758,681,671,657,666,0,589,0,666,633,582,464,688,681,717,717,1084,1069,1383,1352,1305,1289,1241,1234,1308,1320,1572,1572,1572,1572,1045,934]} 1. e4 e5 2. Bc4 Nf6 3. d3 c6 4. Nf3 d5 5. Bb3 a5 {White must now prevent ...a4.} 6. a4 {C24: Bishop's Opening: 2...Nf6.} ({Wrong is} 6. Nxe5 $2 a4 $19) 6... Bb4+ 7. c3 Bd6 8. exd5 {The position is equal.} cxd5 9. Bg5 Be6 10. Na3 Nbd7 11. Nb5 Bb8 12. d4 e4 13. Nd2 O-O 14. Nf1 h6 15. Bh4 $1 {[#]} Nb6 $146 ({Predecessor:} 15... Bf4 16. Bg3 Bxg3 17. fxg3 Nb6 18. Ne3 Ne8 19. O-O f5 20. Qh5 Kh7 21. Rf2 g5 {½-½ (57) Oratovsky,M (2462)-Postny,E (2623) Israel 2019}) 16. Qe2 Qd7 17. Bxf6 $1 gxf6 18. Ng3 f5 19. Nh5 {Threatens to win with Nf6+.} Qe7 20. f4 Qh4+ 21. g3 Qh3 22. Bd1 Nd7 23. c4 dxc4 ({Black should play} 23... Rc8 $11) 24. Ra3 $1 $14 Nb6 {...Rd8 is the strong threat.} 25. Nf6+ Kg7 26. Qf2 $1 $36 {[%mdl 2048] Hoping for g4. White has some pressure.} Kxf6 $2 {[#] White stays focused until the end.} ({Black should try} 26... Rc8 $1 $14) 27. g4 $1 $18 e3 28. Rxe3 Qxe3+ 29. Qxe3 {Strongly threatening d5!} Nd5 {[#]} 30. Qh3 $1 {[%cal Rh3h6]} Bxf4 31. O-O Rg8 $2 {[#]} (31... Be3+ {is tougher.} 32. Kh1 f4 33. Qxh6+ Ke7) 32. Rxf4 $1 {[%mdl 576] Remove Defender, Decoy} Nxf4 33. Qxh6+ {[%mdl 64] Double Attack} Ng6 34. h4 Ke7 35. h5 Nf8 {[#]} 36. d5 $1 {[%mdl 512]} Rd8 (36... Bxd5 37. Qd6+) 37. d6+ Rxd6 38. Nxd6 Kxd6 39. Qf4+ Ke7 40. g5 Nh7 (40... Kd7 $142 41. Kf2 Nh7 42. Qd4+ Ke8) 41. Qc7+ {[%mdl 64] Double Attack} Bd7 42. Qc5+ Ke8 43. Qe5+ Kd8 44. Qxa5+ Ke7 45. Qe5+ Be6 46. Qc5+ Ke8 47. Qb5+ Kf8 48. Qc5+ Ke8 49. Qb5+ Kf8 50. Qb4+ {White is clearly winning.} Kg7 51. g6 Nf6 (51... Kh6 $142 52. Qb6 Rg7) 52. Qxb7 Bd5 53. Qc7 Re8 {[#]} 54. Bf3 $1 {[%mdl 512]} Ne4 (54... Bxf3 55. Qxf7+) 55. gxf7 Bxf7 {[#]} 56. h6+ $1 Kf6 (56... Kxh6 57. Qxf7) 57. a5 {[%cal Ba4a5,Ba5a6][%mdl 32]} Ng5 {[#]} 58. Bd5 $1 {[%mdl 512]} Rg8 (58... Bxd5 59. Qg7+) 59. Bxf7 Nxf7+ 60. Kf1 Nxh6 61. a6 {Accuracy: White = 98%, Black = 63%.} 1-0

[Event "Bicaz City Cup 2020"]
[Site "Bicaz"]
[Date "2020.03.07"]
[Round "5.3"]
[White "Arghirescu, Andrei"]
[Black "Manolache, Marius"]
[Result "0-1"]
[WhiteElo "2015"]
[BlackElo "2541"]
[Annotator "TA"]
[PlyCount "102"]
[EventDate "2020.03.05"]
[EventType "swiss"]
[EventCountry "ROU"]
[SourceTitle "playchess.com"]
[Source "ChessBase"]
[SourceQuality "1"]

{[%evp 14,102,18,8,9,0,0,-12,-3,-23,0,0,0,-18,0,-16,-10,-31,-19,-14,-27,-60,-71,-67,-58,-84,-72,-142,-89,-179,-127,-131,-137,-133,-137,-146,-140,-204,-209,-204,-214,-217,-202,-208,-199,-298,-258,-312,-321,-307,-264,-356,-317,-333,-222,-258,-253,-192,-207,-591,-577,-568,-579,-560,-560,-485,-438,-559,-540,-450,-516,-491,-481,-370,-346,-1371,-1313,-900,-814,-1416,-1208,-3709,-2484,-2421,-1518,-12836,-12837,-12836,-12837,-12837,-11785]} 1. e4 d6 2. d4 Nf6 3. Bd3 g6 4. h3 Bg7 5. Nf3 O-O 6. O-O c5 7. dxc5 dxc5 8. c3 Nc6 {B07: Pirc Defence: Miscellaneous Systems.} 9. Qc2 Qc7 10. Bg5 Nh5 {The position is equal.} 11. Nbd2 {[#]} b6 $146 ({Predecessor:} 11... Nf4 12. Bxf4 Qxf4 13. Rfe1 b6 14. a4 Rd8 15. e5 Nxe5 16. Nxe5 Bxe5 17. g3 Qf6 {½-½ (26) Balogh,L (2200)-Molnar,P (2367) Hungary 2013}) 12. Rfe1 Bb7 13. Rad1 Rad8 14. Nf1 Nf4 15. Bh4 Ne5 16. Nxe5 Bxe5 17. Bg3 c4 18. Be2 b5 $36 {[%mdl 2048] Black fights for an advantage.} 19. Bf3 Nd3 20. Re2 ({White should try} 20. Bxe5 Qxe5 21. Re3) 20... Rd7 ({Black should play} 20... Bxg3 21. Nxg3 Qf4) 21. Red2 {[#]} (21. Bxe5 $17 Nxe5 22. Red2) 21... Rfd8 (21... f5 $1 $19 22. exf5 Bxf3 23. gxf3 gxf5 24. Rxd3 cxd3 25. Rxd3 f4) 22. a4 $17 a6 23. axb5 axb5 24. b3 Bxg3 25. fxg3 (25. Nxg3 $17 h5 26. bxc4 bxc4 27. Nf1) 25... Qc5+ 26. Kh2 h5 27. bxc4 bxc4 28. Re2 Bc6 29. Rb1 (29. Ne3 $142) 29... Ne5 $19 30. Rbe1 Rd3 31. Re3 R8d6 32. Kh1 Bd7 33. Kh2 Qc7 34. Be2 Rxe3 35. Nxe3 {[#]} h4 $1 {[%mdl 512]} 36. Nd5 $2 {[#]} (36. Nf1) (36. gxh4 Rd2) 36... Rxd5 $1 {[%mdl 512]} 37. exd5 {[#]} Nf3+ $1 {[%mdl 576] Decoy} 38. Bxf3 Qxg3+ {[%mdl 64] Double Attack} 39. Kh1 Qxe1+ 40. Kh2 {[#] and the idea Qe2 leaves White hopeful.} Bxh3 $1 {[%mdl 512]} 41. Qe2 (41. gxh3 Qg3+) 41... Qxe2 42. Bxe2 {[%mdl 4096] Endgame KB-KB} Bf5 43. Bxc4 Kg7 44. Kg1 $2 (44. g3 g5 45. gxh4) 44... Kf6 {Black is clearly winning.} 45. Bb3 g5 46. Kf2 Be4 47. Ba2 g4 48. Bb3 Ke5 49. d6 exd6 50. Bxf7 g3+ 51. Kf1 Kf4 {Accuracy: White = 44%, Black = 88%.} 0-1

[Event "Bicaz City Cup 2020"]
[Site "Bicaz"]
[Date "2020.03.07"]
[Round "5.4"]
[White "Antal, Hunor-Zoltan"]
[Black "Danilov, Vladimir"]
[Result "1/2-1/2"]
[WhiteElo "1989"]
[BlackElo "2388"]
[Annotator "TA"]
[PlyCount "85"]
[EventDate "2020.03.05"]
[EventType "swiss"]
[EventCountry "ROU"]
[SourceTitle "playchess.com"]
[Source "ChessBase"]
[SourceQuality "1"]

{[%evp 15,85,-8,30,41,31,10,10,14,16,12,14,13,4,0,13,17,34,31,39,33,28,0,0,0,0,-16,0,0,0,0,0,-9,62,60,56,41,36,18,26,14,27,19,37,33,32,6,22,29,34,30,40,28,43,16,42,24,20,14,14,14,14,14,14,14,10,46,46,46,46,47,47,0]} 1. d4 d5 2. Nf3 Nf6 3. c4 e6 4. Nc3 Nbd7 {[%cal Bb8d7,Bd7f8,Bf8e6][%mdl 32]} 5. cxd5 exd5 6. Bf4 c6 7. Qc2 Be7 {7...Nh5 is the modern continuation.} 8. e3 Nf8 9. Bd3 {D35: Queen's Gambit Declined: Exchange Variation.} Ne6 10. Be5 g6 11. a3 {The position is equal.} Ng7 12. O-O O-O 13. b4 a6 {[#]} 14. Na4 $146 ({Predecessor:} 14. Rab1 Bf5 15. a4 Bxd3 16. Qxd3 b5 17. a5 Nf5 18. Nd2 Bd6 19. Bxd6 Nxd6 20. f3 {1-0 (38) Chan,W (1947)-Derakhshani,D (2004) Zaozhuang 2012}) 14... Bf5 15. Nc5 b6 16. Nb3 Qd7 17. Rfc1 {Black must now prevent Bxf5.} Rfc8 18. Bg3 Bxd3 19. Qxd3 Ne4 20. Ra2 f6 21. Nfd2 Nxd2 22. Qxd2 Nf5 23. Rac2 Bd6 (23... h5 $11) 24. Bxd6 $14 Nxd6 25. Qd3 Nc4 26. Nd2 b5 27. Nb3 Qd6 28. Nc5 Rc7 29. Qb3 a5 30. bxa5 Rxa5 31. a4 Rca7 {[%cal Rb5a4]} 32. axb5 Rxb5 33. Qd3 Qb8 34. g3 Rb2 35. Rxb2 Qxb2 36. Rb1 Ra1 $1 {[%cal Ra1b1]} 37. Rxa1 Qxa1+ 38. Kg2 Qe1 39. Qb3 {[#] Qb8+ is the strong threat.} Nd2 {[%csl Gd2][%cal Re1f1]} 40. Qb8+ Kg7 {[%csl Gd2][%cal Re1f1] White is slightly better.} 41. Qc7+ Kh6 {[%csl Gd2][%cal Re1f1]} 42. Qf4+ {[%mdl 64] [#] Double Attack} Kg7 {[%csl Gd2][%cal Re1f1]} 43. Qc7+ {Accuracy: White = 86%, Black = 94%.} 1/2-1/2

[Event "Bicaz City Cup 2020"]
[Site "Bicaz"]
[Date "2020.03.07"]
[Round "5.5"]
[White "Andronescu, Madalin"]
[Black "Mintau, Andrei-Catalin"]
[Result "1-0"]
[WhiteElo "2148"]
[BlackElo "1984"]
[Annotator "TA"]
[PlyCount "67"]
[EventDate "2020.03.05"]
[EventType "swiss"]
[EventCountry "ROU"]
[SourceTitle "playchess.com"]
[Source "ChessBase"]
[SourceQuality "1"]

{[%evp 11,67,36,77,66,56,2,139,85,139,139,204,177,185,203,179,166,206,152,148,158,170,198,356,361,329,337,321,330,341,325,323,316,305,264,314,294,260,247,285,281,278,283,267,273,256,259,542,552,603,584,579,553,1102,1102,1042,1008,1395,1291]} 1. e4 d5 2. exd5 Qxd5 3. Nc3 Qa5 4. Bc4 Nf6 5. d4 Bg4 6. f3 Bf5 7. g4 {B01: Scandinavian Defence.} Bg6 8. h4 ({White should try} 8. Bd2 $14 Qb6 9. h4) 8... h5 (8... h6 $1 $11) 9. g5 (9. Bd2 $142 {Hoping for Nd5.} Qb4 10. b3) 9... Nfd7 (9... Nc6 $142) 10. Bd2 $1 $16 {aiming for Nd5.} c6 (10... Kd8 $16) 11. Qe2 $18 Qc7 12. O-O-O {[#]} Nb6 $146 {[#]} ({Predecessor:} 12... b5 13. Bb3 b4 14. Ne4 a5 15. Nh3 Na6 16. Bf4 e5 17. dxe5 Bxe4 18. e6 {1-0 (18) Guzman Moneo,A (2172)-Lucea Valero,A (1962) Aragon 2012}) 13. Bb3 $1 Bf5 14. g6 Bxg6 15. Nh3 Qd7 16. d5 Nxd5 $2 (16... c5 17. Nf4 Bf5) 17. Nxd5 cxd5 18. Nf4 Nc6 19. Nxg6 ({Weaker is} 19. Bxd5 Bf5 $11) 19... Nd4 20. Qd3 Nxb3+ 21. axb3 {Black must now prevent Ne5.} fxg6 22. Qxg6+ Kd8 23. Bg5 {Qf7 is the strong threat.} Rc8 24. Rhe1 Rc6 25. Qf7 Rd6 26. Re5 d4 27. Rc5 b6 {[#]} 28. Rc4 $1 Rd5 $2 (28... Qe6 {keeps fighting.} 29. Qxe6 Rxe6 30. Rdxd4+ (30. Rcxd4+ Ke8 $16) 30... Ke8) 29. Qf4 {Threatening mate with Qb8+.White is clearly winning.} Ke8 30. Rcxd4 Rxd4 31. Rxd4 {And now Qb8+ would win.} Qb7 32. Qf5 {[%cal Rf5g6]} Qc6 33. Rc4 Qd7 34. Rc8+ {Accuracy: White = 92%, Black = 46%.} 1-0

[Event "Bicaz City Cup 2020"]
[Site "Bicaz"]
[Date "2020.03.07"]
[Round "5.6"]
[White "Cimpoiasu, Dan"]
[Black "Filip, Andrei"]
[Result "0-1"]
[WhiteElo "1884"]
[BlackElo "2103"]
[Annotator "TA"]
[PlyCount "88"]
[EventDate "2020.03.05"]
[EventType "swiss"]
[EventCountry "ROU"]
[SourceTitle "playchess.com"]
[Source "ChessBase"]
[SourceQuality "1"]

{[%evp 13,88,0,1,-9,-8,-22,-14,-6,-7,-12,-7,-18,-11,-28,-24,-25,-22,-26,-24,-26,-14,-15,18,-10,0,-40,-40,-39,-39,-44,-44,-46,-52,-43,-41,-64,-64,-64,-64,-64,-64,-64,-64,-64,-51,-63,-75,-105,-105,-112,-82,-72,-72,-85,-75,-105,-46,-46,-52,-762,-437,-29972,-29973,-29974,-29975,-29975,-29976,-29976,-29977,-29977,-29977,-29980,-29981,-29981,-29981,-29984,-29984]} 1. d4 Nf6 2. Nf3 e6 3. Bg5 Be7 4. Nbd2 c5 5. c3 d5 6. e3 O-O 7. Bd3 b6 $1 {7...b6 scores better than 7...Nc6.} 8. Bxf6 {D03: 1 d4 d5 2 Nf3 Nf6 3 Bg5, including Torre Attack with early ...d5.} Bxf6 9. e4 {[#]} Ba6 $146 ({Predecessor:} 9... Bb7 10. e5 Be7 11. Qb1 h6 12. h4 Nc6 13. g4 cxd4 14. cxd4 Nb4 15. Bh7+ Kh8 {½-½ (35) Brinovec,F (2200)-Pieczonka,M (1967) Poland 2005}) 10. Bxa6 {The position is equal.} Nxa6 11. Qa4 Qc8 12. e5 Be7 13. a3 Qb7 14. O-O c4 15. Qc2 b5 16. h4 h6 17. g4 g6 18. Kg2 Nc7 19. g5 h5 $1 20. Rfb1 Rfb8 21. Ng1 a5 22. Qd1 b4 23. axb4 axb4 24. Rxa8 Rxa8 25. Ra1 bxc3 26. bxc3 Qb2 27. Rxa8+ Nxa8 28. Ne2 Nc7 29. Qc1 Qa2 30. Kf3 Ba3 $36 {[%mdl 2048] Black has strong initiative.} 31. Qd1 Nb5 32. Nb1 Bb2 33. Qc2 Qa1 34. Ke3 {[#]} Na3 $1 {[%mdl 512]} 35. Nxa3 $15 Bxa3 36. Nf4 $2 {[%mdl 8192] This costs White the game.} (36. Kf3 $15) 36... Qh1 {Hoping for ...Bc1+.} 37. Nxg6 (37. Ne2 $19 Qxh4 38. f4) 37... Qc1+ {Black mates.} 38. Qxc1 Bxc1+ 39. Ke2 fxg6 {KB-KP} 40. Kd1 Bf4 41. Ke2 Kf7 42. Kf3 Bd2 43. Ke2 Bxc3 44. f4 Bxd4 {Accuracy: White = 76%, Black = 82%.} 0-1